000 01062nas a2200265 4500
001 BR8400798
003 BR-BrBNA
005 20231205085808.0
007 ta
008 230509b bl.|||p| |||| 00| 00por d
040 _aBR-BrBNA
_bpor
_cBiblioteca Nacional de Agricultura
041 _a(Pt)
072 _aH10
100 1 _aVendramim, J.D.
100 1 _aLara, F.M.
100 1 _aParra, J.R.P.
245 1 _aConsumo e utilizacao de folhas de cultivares de couve (Brassica oleracea L. var. Acephala)por Agrotis subterranea (Fabricius, 1794)(Lepidoptera, Noctuidae)[largata rosca]
_bParte de tese
246 1 _aConsumption and utilization of leaves of green cole cultivars (Brassica oleracea L. var. acephala)by Agrotis subterranea (Fabricius, 1794)(Lepidoptera, Noctuidae)
_b[Part of thesis]
650 _aCOUVE
650 _aLAGARTA ROSCA
650 _aFOLHA
773 0 _tAnais da Sociedade Entomologica do Brasil (Brazil)
_xISSN 0301-8059
_g(1983), v. 12(2) p. 129-144
_wBR8400798
909 _a202311
_bLúcia
_c55
_dLúcia Elande
942 _2AGRIS
_n0
_cANA
999 _c113861
_d113861